000
00239nam a22001097a 4500
040
_c
nust
082
_a
711.4
_b
MEE
100
_a
Bally Meeda
_9
122654
245
_a
Graphics for Urban Design .
300
_a
162, p;
_c
27cm
942
_2
ddc
_c
BK
999
_c
609104
_d
609104